SHOCK TROOP : (Record no. 16566)
[ view plain ]
| 000 -الفاتح | |
|---|---|
| حقل البيانات ثابتة الطول | 00518nam a2200193Ia 4500 |
| 008 - عناصر البيانات ثابتة الطول - معلومات عامة | |
| حقل البيانات ثابتة الطول | 140319s9999 xx 000 0 eng d |
| 040 ## - مصدر الفهرسة | |
| وكالة الفهرسة الأصلية | GCL / |
| وكالة النسخ | GCL |
| 082 04 - رقم تصنيف ديوى العشرى | |
| رقم التصنيف | VT |
| رقم المادة | 791.43 |
| -- | B S |
| 100 1# - المدخل الرئيسى - إسم شخصى | |
| الإسم الشخصى | ALZADO, LYLE |
| 245 10 - بيان العنوان | |
| العنوان | SHOCK TROOP : |
| بقية العنوان | حرب الجواسيس / |
| بيان المسئوليه,etc | ALZADO, LYLE |
| 700 1# - المدخل الاضافى - اسم شخصى | |
| الإسم الشخصى | CHRISTIAN, J. |
| 300 ## - الوصف المادى | |
| التعداد | 1\2 INCH ؛ |
| أبعاد الوعاء | 1 FILM ( 135 MIN ) |
| 650 04 - المدخل الاضافى بالموضوع-مصطلح موضوعى | |
| مصطلح موضوعي | MOTION PICTURES |
| 650 04 - المدخل الاضافى بالموضوع-مصطلح موضوعى | |
| مصطلح موضوعي | VIDEO TAPES |
| 650 04 - المدخل الاضافى بالموضوع-مصطلح موضوعى | |
| مصطلح موضوعي | ACTION FILMS |
| 942 ## - عناصر المدخل الإضافي( كوها) | |
| مصدر التصنيف او مخطط الترفيف | Dewey Decimal Classification |
| Koha [default] item type | المواد السمعية والبصرية |
| 260 ## - PUBLICATION, DISTRIBUTION, ETC. (IMPRINT) | |
| -- | [S.N] : |
| -- | ELGEZERA FILM |
| حالة التراجع | حالة الفقد | حالة تلف | ليس للاعارة | المكان المؤقت | الموقع الحالى | تاريخ الاكتساب | اجمالي اﻻعارات | رقم الطلب | الباركود | تاريخ اخر مشاهدة | تاريخ تفعيل السعر | نوع وعاء كوها |
|---|---|---|---|---|---|---|---|---|---|---|---|---|
| مكتبة القاهرة الكبرى | مكتبة القاهرة الكبرى | 03/26/2014 | VT\791.43\B S | 30055 | 03/26/2014 | 03/26/2014 | المواد السمعية والبصرية | |||||
| مكتبة القاهرة الكبرى | مكتبة القاهرة الكبرى | 03/26/2014 | VT\791.43\B S | 30056 | 03/26/2014 | 03/26/2014 | المواد السمعية والبصرية |

